Muppet Show Theme - Statistics

General Stats
  • This quiz has been taken 54 times
  • The average score is 13 of 22
Answer Stats
Hint Answer % Correct
On the ______ ___ _______ muppet show tonight
91%
On the _____ ___ _______ muppet show tonight
91%
It's time to __ __ _____ put on makeup
85%
It's time to _____ __ ____ light the lights
82%
It's time to ___ __ ____ play the music
73%
__ ______ ___ the muppet show
73%
It's time to ____ __ ____ dress up right
70%
this is what __ ____ we call
70%
_______ inspirational
64%
On the ___ most
64%
_______ sensational
64%
It's time to ___ __ ______ meet the muppets
58%
_______ celebrational
52%
_______ Muppetational
52%
__'_ ____ __ get things started It's time to
42%
Why do __ ______ ____ ____ we always come here
42%
It's time to ____ __ _____ raise the curtain
39%
to have to ____ __ ____ watch the show
39%
I guess __'__ ___ ____ we'll never know
39%
It's like a ___ __ ______ kind of torture
36%
__ ___'_ __ get things started why don't you
30%
And now let's __ _____ ______ get thing started
9%
No matching quizzes found
Score Distribution
Percent of People with Each Score
Percentile by Number Answered
Your Score History
You have not taken this quiz